000 00642na a2200217 4500
001 17528
003 MIRAKIL
005 20181213155247.0
008 161107b tu 000 0
035 _a17528
040 _aMilas
_btur
_cTR-AnCHP
041 _atur
082 _a351.72256
_bU52i 2006
090 _a351.72256 U52i 2006
100 _aUnakıtan, Kemal
245 _a2007 yılı bütçe sunuş konuşması
_b(TBMM Plan ve Bütçe Komisyonu)
_cKemal Unakıtan
260 _a[Ankara]
_bMaliye Bakanlığı
_c2006
300 _a41, [14] s
_c24 sm.
650 _aMaliye Bakanlığı
_xBütçe görüşmeleri
_y2007
942 _2ddc
_cBKS
999 _c9457
_d9457